000 00233nam a22000857a 4500
999 _c11509
_d11509
008 190530b ||||| |||| 00| 0 eng d
020 _a9781576581742
100 _97226
_aBENGE JANET GEOFF
245 _aJONATHAN GOFORTH AN OPEN DOOR IN CHINA